| 000 | 00545nam a2200169 a 4500 | ||
|---|---|---|---|
| 001 | 7042 | ||
| 003 | CO-ViMGA | ||
| 008 | 141112s2004 ck r 000 u spa d | ||
| 040 |
_aCO-ViMGA _bspa _cCO-ViMGA |
||
| 082 | 0 | 4 | _a342.06 P351nu |
| 100 | 1 |
_aPenagos Vargas, Gustavo _93813 |
|
| 245 | 1 | 0 |
_aNulidades y acciones del acto administrativo : _bconvalidación y extinción, proceso de perdida de investidura |
| 260 |
_aSantafé de Bogotá : _bDoctrina y Ley, _c1996 |
||
| 300 | _a500 p. 23 cm | ||
| 650 | 1 | 4 | _aDERECHO ADMINISTRATIVO |
| 942 |
_2ddc _cBK |
||
| 999 |
_c19007 _d19007 |
||